Obálka Náhled e-knihy:
PDF
Pro půjčování e-knih musíte být přihlášeni.
Jak si půjčit online?

Kapybary na úteku /

Tri malé kapybary - Raula, Emmy a Tristana - už omrzelo tráviť čas na lúke v zoo. Svet predsa musí ponúkať viac než len ich výbeh. A pretože sú to nerozluční kamaráti s hlavami plnými nápadov a so srdcami dobrodruhov, vymyslia plán, ako sa dostať von. Lenže čo sa skrýva za plotom? Číha na nich nebez...

Celý popis

Uloženo v:
Hlavní autor: Bär, Matthäus (Autor)
Médium: E-kniha
Jazyk:Czech
Vydáno: Praha : Albatros Media Slovakia s.r.o., 2026
Tagy:
Žádné tagy
LEADER 01415nam a22002297i 4500
001 302740
007 ta
008 260514s2026 xr ||||| |||| 00| 0 cze d
020 |a 9788056650608 
044 |a xr 
100 1 |a  Bär, Matthäus  |4 aut 
245 1 0 |a Kapybary na úteku /  |c  Bär, Matthäus 
240 1 0 |a Drei Wasserschweine brennen durch 
264 1 |a Praha :  |b Albatros Media Slovakia s.r.o.,  |c 2026 
300 |a 1 online zdroj (136 stran) 
336 |a text  |b txt  |2 rdacontent 
337 |a bez média  |b n  |2 rdamedia 
338 |a online zdroj  |b cr  |2 rdacarrier 
520 2 |a Tri malé kapybary - Raula, Emmy a Tristana - už omrzelo tráviť čas na lúke v zoo. Svet predsa musí ponúkať viac než len ich výbeh. A pretože sú to nerozluční kamaráti s hlavami plnými nápadov a so srdcami dobrodruhov, vymyslia plán, ako sa dostať von. Lenže čo sa skrýva za plotom? Číha na nich nebezpečenstvo? Je pravda, čo sa hovorí o krvilačných vlkoch, zákerných morčatách a prešibaných opiciach? To musia nutne preskúmať! 
910 |a RBIT002 
998 |d 426998  |a https://core.palmknihy.cz/api/books/426998/cover?tesgii  |b https://core.palmknihy.cz/api/books/426998/cover/400?tesgii  |c https://core.palmknihy.cz/api/books/426998/cover/50?tesgii  |e 2030-04-22  |g 136  |i 9788056650608  |k https://core.palmknihy.cz/api/books/426998/preview.pdf  |l   |q 49  |r 1  |s https://www.palmknihy.cz/kniha/426998  |t ebook  |y 2026  |z 1 
999 |d 302738